00681nam a2200181 a 45000010005000000030005000050050017000100080041000270400020000682450040000882600106001283000011002344900051002456500022002966500069003186500025003877100087004122708CDMR20151030104202.0130130s1974||||sp |||||||||||||||||||||d aCDMRbcatcCDMR03aLa comunicación en la gran ciudad aBarcelonabDiputación Provincial de Barcelona. Sección de prensa, información y edicionesc1974 a254 p. aRevista del Instituto de Ciencias Socialesv2404aSociologia urbana04aMitjans de comunicació de massa localsxAspectes sociològics04aComunicació humana1 aBarcelonab -- Diputación ProvincialbRevista del Instituto de Ciencias Sociales